000 00345nam a22001337a 4500
999 _c108752
_d108752
005 20220127115725.0
008 181107b ||||| |||| 00| 0 eng d
040 _cPK-LaUMT
082 _a348.54026
_bALL-
245 _aAll India reporter [AIR, 1999, Vol.86] /
260 _aNagpur :
_bS. W. Chitaley,
_c1999
300 _a9 vols.
942 _cLPJ